Gods of the Norse - Statistics

General Stats
  • This quiz has been taken 120 times
  • The average score is 10 of 20
Answer Stats
Hint Answer % Correct
Thunder god Thor
100%
Ruler of Asgard Odin
99%
Trickster god who embodies unpredictability Loki
96%
God of fertility and prosperity Frey
88%
Watchman of the gods Heimdall
78%
God of light, joy, and purity; killed by his blind brother Baldr
71%
Goddess of marriage and motherhood Frigg
71%
God of justice and courage; sacrificed his hand to bind Fenrir Tyr
67%
Goddess who rules the realm of the dead not slain in battle Hel
60%
Goddess of love, magic, and war Freya
58%
Golden-haired goddess associated with fertility; wife of the above Sif
53%
Keeper of the apples that grant the gods eternal youth Idunn
33%
God of the sea, wealth, and favourable winds Njord
29%
God of poetry and elegance Bragi
25%
Blind brother of the above Hodr
23%
Sea goddess who captures drowned sailors in her net. Ran
22%
Silent god destined to avenge Odin at Ragnarök Vidar
18%
God of law, justice, and peaceful resolution of disputes. Forseti
16%
God of hunting, skiing, and single combat. Ullr
16%
Goddess of winter Skaldi
2%
No matching quizzes found
Score Distribution
Percent of People with Each Score
Percentile by Number Answered
Your Score History
You have not taken this quiz